| Record ID | ia:planesolidanalyt00asht |
| Source | Internet Archive |
| Download MARC XML | https://archive.org/download/planesolidanalyt00asht/planesolidanalyt00asht_marc.xml |
| Download MARC binary | https://www.archive.org/download/planesolidanalyt00asht/planesolidanalyt00asht_meta.mrc |
LEADER: 00562nam 2200169K 4500
001 8149990
008 820211s1905 nyua 00010 eng d
040 $aBOS$cBOS
049 $aBOTJ
090 $aQA551$bF05
100 1 $aAshton, Charles H.$q(Charles Hamilton),$d1866-
245 10 $aPlane and solid analytic geometry;$ban elementary textbook,$cby Charles H. Ashton ..
250 $aRev. ed.
260 $aNew York,$bC. Scribner's Sons,$c1905.
300 $axiv, 278 p.$billus., diagrs.$c20 cm.
490 0 $aThe Marsh and Ashton mathematical series.
650 0 $aGeometry, Analytic.